<?xml version="1.0" encoding="UTF-8"?>
<collection xmlns:xsi="http://www.w3.org/2001/XMLSchema-instance" xsi:schemaLocation="http://www.loc.gov/MARC21/slim http://www.loc.gov/standards/marcxml/schema/MARC21slim.xsd" xmlns="http://www.loc.gov/MARC21/slim">
 <record>
  <leader>00000ctm a22000003a 4500</leader>
  <controlfield tag="001">UP-8027390931316262523</controlfield>
  <controlfield tag="003">Buklod</controlfield>
  <controlfield tag="005">20160913141456.0</controlfield>
  <controlfield tag="006">a     r    |||| u|</controlfield>
  <controlfield tag="007">ta</controlfield>
  <controlfield tag="008">160913s        xx     d     r    |||| u|</controlfield>
  <datafield tag="035" ind1=" " ind2=" ">
   <subfield code="a">(iLib)UPMIN-00008865250</subfield>
  </datafield>
  <datafield tag="040" ind1=" " ind2=" ">
   <subfield code="a">upmin</subfield>
  </datafield>
  <datafield tag="041" ind1=" " ind2=" ">
   <subfield code="a">eng</subfield>
  </datafield>
  <datafield tag="090" ind1=" " ind2="0">
   <subfield code="a">LG 993.2 2011 M21</subfield>
   <subfield code="b">J85</subfield>
  </datafield>
  <datafield tag="100" ind1="1" ind2=" ">
   <subfield code="a">Julia, Myra G.</subfield>
   <subfield code="e">author.</subfield>
  </datafield>
  <datafield tag="245" ind1="0" ind2="0">
   <subfield code="a">Strategic plan for the UP Strategic Research and Management Foundation, Inc.</subfield>
   <subfield code="c">Myra G. Julia ; Miguel D. Soledad, Dario F. Pampanga, advisers.</subfield>
  </datafield>
  <datafield tag="264" ind1=" " ind2="1">
   <subfield code="a">Davao City</subfield>
   <subfield code="b">School of Management, University of the Philippines Mindanao</subfield>
   <subfield code="c">c2011.</subfield>
  </datafield>
  <datafield tag="300" ind1=" " ind2=" ">
   <subfield code="a">ix, 101 leaves</subfield>
  </datafield>
  <datafield tag="500" ind1=" " ind2=" ">
   <subfield code="a">Thesis (Master in Management)--University of the Philippines Mindanao, March 2011.</subfield>
  </datafield>
  <datafield tag="520" ind1=" " ind2=" ">
   <subfield code="a">The UPSTREAM Foundation, Inc. is a non-stock, non-profit organization located in F. Inigo St., Davao City. It is one of the two accredited foundations in UP Mindanao and supports the School of Management (SOM) with its funds and resources generated through grant projects, researches, consultancies and training services conducted by the SOM faculty. The foundation has one project that funds its current operations with the Executive Director (ED) and the President as its active managers. However, the foundation is facing a challenge on sustainability as its current project will end by 2012. Its lean structure also poses potential problems since there is no one focused on the foundation?s operations. No one is available to offer 100% concentration to maximize the organization's potential in terms of expertise in implementing programs. The plates of the two managers are full with teaching loads and other administrative duties. A more pressing concern worth looking at, is that the foundation has no vision, mission and core values which will provide the social justification, legitimacy and its ?reason for being?. Limited product line and marketing them are likewise concerns that needs attention.  The conceptual framework used to formulate a strategic plan for UPSTREAM involved three (3) stages which are: Strategy Formulation, Strategy Implementation; Strategy Evaluation. In the analysis of the foundation?s external environment, it used the STEEP Analysis Table that consolidated the opportunities and threats of the foundation out of the external factors being identified. It was further processed through another strategic formulation tool which is the EFE matrix that summarized and evaluated key factors in UPSTREAM?s external environment that offer positive prospects or pose a risk to its success. On the other hand, the paper used the SWOT Analysis table to analyze the internal environment of UPSTREAM. It was further processed through the use of IFE Matrix where it provided a basis for identifying and evaluating relationships among the foundation?s strengths and weaknesses in its function areas. The results of the EFE and IFE matrices were put together in the IE Matrix that helped in analyzing working conditions and strategic position of a business. The proposed strategies were identified and were again put together in the Quantitative Strategic Planning Matrix (QSPM) for the determination of the relative attractiveness of feasible alternate strategies for the foundation. There were four recommended strategies formulated: (1) identification of the foundation?s vision, mission and goals, (2) partnership with donor agencies and proposal development, (3) market development and (4) product line development. These will answer the foundation's challenge on direction setting, human resources and sustainability further explained through this paper.</subfield>
  </datafield>
  <datafield tag="658" ind1=" " ind2=" ">
   <subfield code="a">Policy and Strategic Planning</subfield>
   <subfield code="c">M241.</subfield>
  </datafield>
  <datafield tag="700" ind1="1" ind2=" ">
   <subfield code="a">Soledad, Miguel D.</subfield>
   <subfield code="e">adviser.</subfield>
  </datafield>
  <datafield tag="700" ind1="1" ind2=" ">
   <subfield code="a">Pampanga, Dario F.</subfield>
   <subfield code="e">adviser.</subfield>
  </datafield>
  <datafield tag="905" ind1=" " ind2=" ">
   <subfield code="a">FI</subfield>
  </datafield>
  <datafield tag="905" ind1=" " ind2=" ">
   <subfield code="a">UP</subfield>
  </datafield>
  <datafield tag="852" ind1="0" ind2=" ">
   <subfield code="a">UPMIN</subfield>
   <subfield code="b">UPMIN-MAIN</subfield>
   <subfield code="h">LG 993.2 2011 M21</subfield>
   <subfield code="i">J85</subfield>
  </datafield>
  <datafield tag="942" ind1=" " ind2=" ">
   <subfield code="a">Thesis</subfield>
  </datafield>
 </record>
</collection>
